[Event "ch-RUS Rapid"]
[Site "Olginka RUS"]
[Date "2011.04.25"]
[Round "5"]
[White "Vorobiov, Evgeny E."]
[Black "Grachev, Boris"]
[Result "1/2-1/2"]
[WhiteTitle "GM"]
[BlackTitle "GM"]
[WhiteElo "2558"]
[BlackElo "2675"]
[WhiteFideId "4121341"]
[BlackFideId "4129199"]
[EventDate "2011.04.25"]

1. d4 d5 2. c4 e6 3. Nf3 Nf6 4. g3 dxc4 5. Bg2 Bb4+ 6. Bd2 c5 7. dxc5 Bxc5 8.
Qa4+ Nbd7 9. O-O O-O 10. Qxc4 b5 11. Qxb5 Rb8 12. Qd3 Qb6 13. b4 Bxb4 14. Bxb4
Qxb4 15. Nc3 Nc5 16. Qd4 Bd7 17. Rab1 Qxd4 18. Nxd4 Rfc8 19. Rxb8 Rxb8 20. Rb1
Rxb1+ 21. Nxb1 e5 22. Nc6 Bxc6 23. Bxc6 Kf8 24. Nc3 Ke7 25. Bb5 Nfe4 26. Nxe4
Nxe4 27. f3 Nc3 28. Bc4 f5 29. Kf2 Nd1+ 30. Ke1 Ne3 31. Bd3 h6 32. f4 exf4 33.
gxf4 Ng2+ 34. Kf2 Nxf4 35. Bxf5 Kf6 36. Bc2 Ke5 37. Kf3 Ne6 38. Kg4 a5 39. h4
Nf4 40. Kf3 Nd5 41. e3 Nc3 42. a4 Nd5 43. Bb3 Nf6 44. Bc2 Ne8 45. Bb3 Nd6 46.
Bc2 Nf5 47. Bxf5 Kxf5 48. e4+ Kf6 49. Kf4 g6 50. e5+ Ke7 51. Kf3 Kd7 52. Ke3 Kc7
53. Ke4 Kc6 54. Kd4 Kd7 55. Kd5 Ke7 56. e6 g5 57. Ke4 1/2-1/2

[Event "ch-RUS Rapid"]
[Site "Olginka RUS"]
[Date "2011.04.25"]
[Round "5"]
[White "Khairullin, Ildar"]
[Black "Zvjaginsev, Vadim"]
[Result "1-0"]
[WhiteTitle "GM"]
[BlackTitle "GM"]
[WhiteElo "2634"]
[BlackElo "2663"]
[WhiteFideId "4151348"]
[BlackFideId "4113403"]
[EventDate "2011.04.25"]

1. d4 Nf6 2. c4 c5 3. d5 g6 4. Nc3 Bg7 5. e4 d6 6. h3 O-O 7. Nf3 Nh5 8. Nh2 a6
9. a4 e6 10. Be2 Nf6 11. Bg5 h6 12. Be3 exd5 13. exd5 Re8 14. Qd2 Ne4 15. Nxe4
Rxe4 16. O-O Qf6 17. Bd3 Re8 18. Rab1 Bf5 19. b4 cxb4 20. Rxb4 Nd7 21. Rxb7 Ne5
22. Be2 Rab8 23. Qb4 a5 24. Rxb8 axb4 25. Rxe8+ Kh7 26. a5 Bd7 27. Rb8 1-0

[Event "ch-RUS Rapid"]
[Site "Olginka RUS"]
[Date "2011.04.25"]
[Round "5"]
[White "Sjugirov, Sanan"]
[Black "Maletin, Pavel"]
[Result "1/2-1/2"]
[WhiteTitle "GM"]
[BlackTitle "GM"]
[WhiteElo "2643"]
[BlackElo "2584"]
[WhiteFideId "4189302"]
[BlackFideId "4146786"]
[EventDate "2011.04.25"]

1. e4 c6 2. d4 d5 3. e5 Bf5 4. Nf3 e6 5. Be2 Ne7 6. O-O c5 7. c3 Nec6 8. Be3 Nd7
9. Nbd2 Be7 10. dxc5 Nxc5 11. Nb3 Nd7 12. Nfd4 Ndxe5 13. Nxf5 exf5 14. Nd4 Qd7
15. Nxc6 Nxc6 16. Qb3 d4 17. Rad1 O-O 18. Bxd4 Nxd4 19. Rxd4 Qc7 20. Bf3 Bc5 21.
Rd5 g6 22. Qb5 Bd6 23. g3 Rad8 24. Rfd1 b6 25. Qd3 Be7 26. Rd7 Qe5 27. Qd5 Qf6
28. Qb7 Rxd7 29. Rxd7 Bc5 30. Qxa7 f4 31. Kg2 fxg3 32. hxg3 Rd8 33. b4 Rxd7 34.
Qxd7 Bd6 35. Bd5 Be5 36. c4 Kg7 37. f4 Bd6 38. Bxf7 Bxb4 39. Bd5+ Qe7 40. Qxe7+
Bxe7 41. g4 h5 42. gxh5 gxh5 43. Be6 Kf6 44. Bc8 Bd6 45. Kf3 Bc7 46. Ke4 Bd6 47.
a4 h4 48. Bh3 Bb8 49. f5 Bg3 50. Kd5 Bf2 51. Kc6 Ke5 52. Kb5 Kd6 53. Kb4 Bc5+
54. Kc3 Ke5 55. Kd3 Kf4 56. f6 Ke5 1/2-1/2

[Event "ch-RUS Rapid"]
[Site "Olginka RUS"]
[Date "2011.04.25"]
[Round "5"]
[White "Savchenko, Boris"]
[Black "Matlakov, Maxim"]
[Result "0-1"]
[WhiteTitle "GM"]
[BlackTitle "GM"]
[WhiteElo "2616"]
[BlackElo "2625"]
[WhiteFideId "4147332"]
[BlackFideId "4168003"]
[EventDate "2011.04.25"]

1. e4 c5 2. Nf3 e6 3. c4 Nc6 4. Nc3 Nge7 5. d4 Nxd4 6. Nxd4 cxd4 7. Qxd4 Nc6 8.
Qe3 b6 9. Be2 Bc5 10. Qg3 O-O 11. Be3 d6 12. Rd1 e5 13. O-O Be6 14. Nb5 Qe7 15.
Bh6 f6 16. Kh1 Kh8 17. Bc1 a6 18. Nc3 Nd4 19. Bd3 b5 20. cxb5 axb5 21. Bb1 b4
22. Nd5 Qb7 23. Be3 f5 24. Qh4 Bxd5 25. exd5 b3 26. a3 Qxd5 27. f4 Qe6 28. Rd3
h6 29. fxe5 dxe5 30. Bxd4 Bxd4 31. Rdf3 Rac8 32. Qh3 e4 33. Rxb3 Qc4 34. Re1 Qe2
35. Qg3 Bf2 36. Re3 Qxe3 0-1

[Event "ch-RUS Rapid"]
[Site "Olginka RUS"]
[Date "2011.04.25"]
[Round "5"]
[White "Smirnov, Pavel"]
[Black "Kurnosov, Igor"]
[Result "1-0"]
[WhiteTitle "GM"]
[BlackTitle "GM"]
[WhiteElo "2539"]
[BlackElo "2653"]
[WhiteFideId "4123425"]
[BlackFideId "4142527"]
[EventDate "2011.04.25"]

1. d4 Nf6 2. c4 g6 3. Nc3 d5 4. Nf3 Bg7 5. Qa4+ Bd7 6. Qb3 dxc4 7. Qxc4 O-O 8.
Bf4 Bc6 9. e3 Nbd7 10. Be2 Nh5 11. Bg5 h6 12. Bh4 g5 13. g4 Nb6 14. Qd3 Nf4 15.
exf4 gxh4 16. O-O-O Nd5 17. f5 Qd6 18. Rhg1 Qf4+ 19. Qd2 Qxd2+ 20. Rxd2 Nf4 21.
Ne5 Rfd8 22. Bc4 Bxe5 23. dxe5 Rxd2 24. Kxd2 Rd8+ 25. Ke3 Ng2+ 26. Rxg2 Bxg2 27.
f3 c6 28. Ne4 Rd1 29. g5 Re1+ 30. Kf4 b5 31. Bb3 Rxe4+ 32. fxe4 hxg5+ 33. Kxg5
Bxe4 34. f6 exf6+ 35. exf6 h3 36. Bd1 c5 37. Kf4 Bb1 38. a3 b4 39. Ke5 Bd3 40.
axb4 cxb4 41. Kd4 Bf1 42. Bc2 Kf8 43. Kc5 Ke8 44. Ba4+ Kd8 45. Kxb4 Kc7 46. Kc5
Be2 47. b4 Bg4 48. Bb3 Bh5 49. Bd5 Bg6 50. Bc4 Bh5 51. Kd5 Kd7 52. Ke5 Kc6 53.
Kf4 Kd6 54. Kg5 Bg6 55. Kh6 Kd7 56. Kg7 Ke8 57. Be6 fxe6 58. Kxg6 Kf8 59. f7 e5
60. Kf5 Kxf7 61. Kxe5 Ke7 62. Kf4 Ke6 63. Kg4 a6 64. Kxh3 Kf5 65. Kg3 1-0

[Event "ch-RUS Rapid"]
[Site "Olginka RUS"]
[Date "2011.04.25"]
[Round "6"]
[White "Najer, Evgeniy"]
[Black "Tomashevsky, Evgeny"]
[Result "1/2-1/2"]
[WhiteTitle "GM"]
[BlackTitle "GM"]
[WhiteElo "2638"]
[BlackElo "2707"]
[WhiteFideId "4118987"]
[BlackFideId "4147235"]
[EventDate "2011.04.25"]

1. e4 e5 2. Nf3 Nc6 3. Bb5 a6 4. Ba4 Nf6 5. O-O Be7 6. Re1 b5 7. Bb3 O-O 8. h3
Bb7 9. d3 d6 10. a3 Qd7 11. Nc3 Nd4 12. Nxd4 exd4 13. Ne2 c5 14. Ng3 d5 15. e5
Ne8 16. c3 dxc3 17. bxc3 g6 18. d4 Ng7 19. Bh6 Rfc8 20. Re3 cxd4 21. cxd4 a5 22.
a4 b4 23. Qf3 Ra6 24. Kh2 Bh4 25. Rd3 Rb6 26. Qf4 Bd8 27. Rf3 Rc7 28. Qd2 Ne6
29. Ne2 Ba6 30. Re3 Bc4 1/2-1/2

[Event "ch-RUS Rapid"]
[Site "Olginka RUS"]
[Date "2011.04.25"]
[Round "6"]
[White "Frolyanov, Dmitry"]
[Black "Nepomniachtchi, Ian"]
[Result "0-1"]
[WhiteTitle "GM"]
[BlackTitle "GM"]
[WhiteElo "2610"]
[BlackElo "2729"]
[WhiteFideId "4151976"]
[BlackFideId "4168119"]
[EventDate "2011.04.25"]

1. e4 c5 2. Nf3 d6 3. d4 cxd4 4. Nxd4 Nf6 5. Nc3 a6 6. Be3 e5 7. Nf3 Nc6 8. Bc4
Na5 9. Bb3 Nxb3 10. axb3 h6 11. O-O Be7 12. Nd5 Nxd5 13. Qxd5 O-O 14. Nd2 Qc7
15. Qc4 Qd7 16. Qd5 Qc7 17. Qc4 Qb8 18. Bb6 Be6 19. Qd3 Qc8 20. Nc4 Qc6 21. Ba5
f5 22. exf5 Bxf5 23. Qe2 Rae8 24. Rad1 Qb5 25. Qd2 Bg4 26. Qd5+ Qxd5 27. Rxd5
Rc8 28. Ne3 Be6 29. Rd2 d5 30. c3 d4 31. cxd4 exd4 32. Rxd4 Bf6 33. Rb4 b5 34.
Bb6 Bxb2 35. Re4 Rc6 36. Ba7 a5 37. Rb1 Bf6 38. Bd4 Bxd4 39. Rxd4 Rfc8 40. Rdd1
Rc3 41. Nd5 Bxd5 42. Rxd5 Rxb3 43. Re1 a4 44. Rd7 a3 45. Ra7 Rbc3 46. Kf1 R8c7
47. Ra8+ Kh7 48. h4 b4 49. Ree8 b3 50. h5 Rc8 51. Rexc8 Rxc8 0-1

[Event "ch-RUS Rapid"]
[Site "Olginka RUS"]
[Date "2011.04.25"]
[Round "6"]
[White "Grachev, Boris"]
[Black "Khairullin, Ildar"]
[Result "0-1"]
[WhiteTitle "GM"]
[BlackTitle "GM"]
[WhiteElo "2675"]
[BlackElo "2634"]
[WhiteFideId "4129199"]
[BlackFideId "4151348"]
[EventDate "2011.04.25"]

1. d4 Nf6 2. Nf3 e6 3. c4 d5 4. e3 Be7 5. b3 O-O 6. Bd3 c5 7. O-O cxd4 8. exd4
b6 9. Bb2 Bb7 10. Nbd2 Nc6 11. Qe2 Re8 12. Rac1 Rc8 13. a3 dxc4 14. bxc4 Bf8 15.
Rfd1 Ne7 16. Ne4 Nxe4 17. Qxe4 Nf5 18. d5 Nd6 19. Qg4 Qe7 20. Be5 Nxc4 21. h3
Nb2 22. Bf4 0-1

[Event "ch-RUS Rapid"]
[Site "Olginka RUS"]
[Date "2011.04.25"]
[Round "6"]
[White "Kokarev, Dmitry"]
[Black "Alekseev, Evgeny"]
[Result "1/2-1/2"]
[WhiteTitle "GM"]
[BlackTitle "GM"]
[WhiteElo "2576"]
[BlackElo "2688"]
[WhiteFideId "4132181"]
[BlackFideId "4138147"]
[EventDate "2011.04.25"]

1. e4 e5 2. Nf3 Nc6 3. Bb5 a6 4. Bxc6 dxc6 5. O-O Qf6 6. d4 exd4 7. Bg5 Qd6 8.
Qxd4 Qxd4 9. Nxd4 Bd7 10. Nc3 f6 11. Be3 O-O-O 12. f3 Ne7 13. Rad1 Ng6 14. Kf2
Bd6 15. Nb3 h5 16. h3 h4 17. Nc5 Be8 18. Ne6 Rd7 19. Ne2 Rg8 20. N6d4 Ne7 21. f4
Bg6 22. f5 Bh5 23. Nf3 g6 24. Nxh4 gxf5 25. exf5 Bg3+ 26. Nxg3 Bxd1 27. Ne4 Rf8
28. Nc5 Rd6 29. Ne4 Rd7 30. Nc5 Rd6 31. Ne4 Rd7 32. Nc5 1/2-1/2

[Event "ch-RUS Rapid"]
[Site "Olginka RUS"]
[Date "2011.04.25"]
[Round "6"]
[White "Inarkiev, Ernesto"]
[Black "Chadaev, Nikolai"]
[Result "1-0"]
[WhiteTitle "GM"]
[BlackTitle "GM"]
[WhiteElo "2674"]
[BlackElo "2573"]
[WhiteFideId "4162722"]
[BlackFideId "4167392"]
[EventDate "2011.04.25"]

1. e4 e5 2. Nf3 Nf6 3. Nxe5 d6 4. Nc4 Nxe4 5. Nc3 Nxc3 6. bxc3 g6 7. d4 Bg7 8.
Bd3 O-O 9. h4 Re8+ 10. Kf1 h5 11. Bg5 Qd7 12. Ne3 Qc6 13. Rb1 a6 14. c4 Nd7 15.
d5 Qc5 16. g4 b5 17. gxh5 bxc4 18. Be2 Nb6 19. hxg6 fxg6 20. h5 Na4 21. hxg6 Nc3
22. Qe1 Nxb1 23. Qxb1 Rb8 24. Qxb8 Bh3+ 25. Rxh3 Rxb8 26. Rh7 Qd4 27. Bg4 Qe4
28. Be6+ Kf8 29. Be7+ Kxe7 30. Rxg7+ Kf6 31. Rf7+ Ke5 32. g7 Qg6 33. Rxc7 Qh5
34. Bg4 Qh7 35. Nxc4+ Kxd5 36. Ne3+ Ke5 37. Re7+ Kf6 38. Nd5+ Kg5 39. Ne3 Qg6
40. Be6 Kf6 41. Nd5+ Kg5 42. Ne3 Kf6 43. Nd5+ Kg5 44. Rb7 Re8 45. f4+ Kh4 46. f5
Qg3 47. Rb4+ Kg5 48. Rb3 Qe5 49. g8=Q+ Rxg8 50. Bxg8 Qxf5+ 51. Ke1 Qxc2 52. Be6
Qc1+ 53. Ke2 Qc2+ 54. Ke1 Qc1+ 55. Ke2 Qc2+ 56. Ke1 Qc1+ 57. Ke2 Qc2+ 58. Kf3
Qd1+ 59. Ke4 Qh1+ 60. Rf3 Qb1+ 61. Rd3 Qh1+ 62. Kd4 Qg1+ 63. Re3 Qd1+ 64. Rd3
Qa4+ 65. Ke3 Qxa2 66. Rd2 Qb3+ 67. Rd3 Qb2 68. Nc3 Kf6 69. Bc4 Qc1+ 70. Ke2 Qc2+
71. Ke3 Qc1+ 72. Ke2 Qc2+ 73. Kf3 a5 74. Nd5+ Kg5 75. Ne3 Qb1 76. Rd5+ Kf6 77.
Rxa5 Qh1+ 78. Ke2 Qh2+ 79. Kd3 Qh7+ 80. Kd2 Qh2+ 81. Kc3 Qg1 82. Kd4 Qb1 83. Ra2
Qb6+ 84. Kd3 Qb1+ 85. Ke2 Qe4 86. Rd2 Ke7 87. Bd5 Qf4 88. Rc2 Qg5 89. Rc4 Qh5+
90. Kd2 Qh2+ 91. Kd3 Qh7+ 92. Be4 Qh3 93. Rd4 Qg3 94. Rd5 Qh3 95. Rf5 Qg3 96.
Rf3 Qe1 97. Rf1 Qa5 98. Nd5+ Kd8 99. Rf8+ Kd7 100. Rf7+ Ke8 101. Rc7 Kd8 102.
Rc6 Qb5+ 103. Rc4 Qb1+ 104. Rc2 Qd1+ 105. Rd2 Qb1+ 106. Kd4 Qc1 107. Rc2 Qd1+
108. Kc4 Qf1+ 109. Bd3 Qa1 110. Nb4 Ke7 111. Re2+ Kf7 112. Be4 Qf1 113. Bd3 Qc1+
114. Nc2 Qf4+ 115. Nd4 Qc1+ 116. Bc2 Qa3 117. Bb3 Qc5+ 118. Kd3+ Kg6 119. Rg2+
Kf6 120. Rf2+ Kg6 121. Bf7+ Kh6 122. Rh2+ Kg5 123. Ne6+ 1-0

[Event "ch-RUS Rapid"]
[Site "Olginka RUS"]
[Date "2011.04.25"]
[Round "6"]
[White "Pridorozhni, Aleksei"]
[Black "Sjugirov, Sanan"]
[Result "0-1"]
[WhiteTitle "GM"]
[BlackTitle "GM"]
[WhiteElo "2542"]
[BlackElo "2643"]
[WhiteFideId "4127870"]
[BlackFideId "4189302"]
[EventDate "2011.04.25"]

1. a3 g6 2. Nf3 Bg7 3. c4 c5 4. Nc3 Nc6 5. Rb1 d6 6. d3 Bg4 7. Bd2 Nf6 8. b4 b6
9. e3 O-O 10. Be2 e5 11. b5 Ne7 12. Ng5 Bxe2 13. Qxe2 d5 14. e4 d4 15. Nd1 a6
16. a4 axb5 17. axb5 Ne8 18. O-O h6 19. Nf3 Nd6 20. Ne1 Ra2 21. Rb2 Qa8 22. Bc1
Rxb2 23. Nxb2 f5 24. f3 g5 25. Qc2 Ng6 26. Nd1 Qa1 27. Bb2 Qa2 28. Nf2 Ra8 29.
h3 Nf4 30. g3 Nh5 31. Kh2 f4 32. g4 Ng3 33. Rg1 Qa4 34. Kg2 Qb4 35. Nd1 Ra2 36.
Kf2 Nb7 37. Qc1 Na5 38. Nc2 Qb3 39. Ne1 Qa4 40. Rg2 Nb3 41. Qc2 Qb4 42. Rg1 Kf7
43. Kg2 Na1 44. Qc1 Ne2 45. Nc2 Nxc1 0-1

[Event "ch-RUS Rapid"]
[Site "Olginka RUS"]
[Date "2011.04.25"]
[Round "6"]
[White "Smirnov, Pavel"]
[Black "Romanov, Evgeny"]
[Result "0-1"]
[WhiteTitle "GM"]
[BlackTitle "GM"]
[WhiteElo "2539"]
[BlackElo "2624"]
[WhiteFideId "4123425"]
[BlackFideId "4148843"]
[EventDate "2011.04.25"]

1. d4 d5 2. c4 c6 3. Nf3 Nf6 4. e3 Bf5 5. Nc3 e6 6. Nh4 Be4 7. f3 Bg6 8. Qb3 Qb6
9. Bd2 Nbd7 10. Nxg6 hxg6 11. g3 Qxb3 12. axb3 Bb4 13. Bg2 O-O 14. Ke2 Rfe8 15.
Nxd5 Nxd5 16. cxd5 Bxd2 17. dxc6 Bb4 18. cxd7 Red8 19. f4 Rxd7 20. Rhc1 a6 21.
Rc4 Bd6 22. b4 Rad8 23. Ra5 f5 24. b5 Bc7 25. Ra1 axb5 26. Rb4 Bd6 27. Rxb5 Rc7
28. Kd3 Rdd7 29. Ra7 b6 30. Ra6 Kf7 31. Rbxb6 Ke7 32. Bc6 Rd8 33. b4 g5 34. Ba4
gxf4 35. gxf4 Rc1 36. Ra7+ Kf6 37. Bd7 Rc7 38. Rxc7 Bxc7 39. Rxe6+ Kf7 40. Bc8
Rxc8 41. Rc6 Ke7 42. b5 Kd7 43. Rg6 Rg8 44. Kc4 Bd8 45. b6 Bf6 46. Kb5 Rc8 47.
Rg2 Rc3 48. Re2 Kc8 49. Ra2 Kb8 50. d5 Rxe3 51. d6 Rb3+ 52. Kc6 Bd8 53. Ra6 Rb2
54. h4 g6 55. Kd7 Bxb6 56. Rxb6+ Rxb6 57. Ke7 Rb1 58. d7 Re1+ 59. Kf7 Kc7 60.
Kxg6 Kxd7 61. Kxf5 Rg1 62. Kf6 Rh1 63. f5 Rxh4 0-1

[Event "ch-RUS Rapid"]
[Site "Olginka RUS"]
[Date "2011.04.26"]
[Round "7"]
[White "Andreikin, Dmitry"]
[Black "Vitiugov, Nikita"]
[Result "1-0"]
[WhiteTitle "GM"]
[BlackTitle "GM"]
[WhiteElo "2686"]
[BlackElo "2720"]
[WhiteFideId "4158814"]
[BlackFideId "4152956"]
[EventDate "2011.04.25"]

1. c4 Nf6 2. Nc3 e5 3. Nf3 Nc6 4. e4 Bc5 5. Nxe5 Nxe5 6. d4 Bb4 7. dxe5 Nxe4 8.
Qf3 Nxc3 9. bxc3 Be7 10. Qg3 g6 11. Be2 O-O 12. O-O Bh4 13. Qf3 Re8 14. Bf4 Rb8
15. Rad1 b6 16. Rd4 Bg5 17. Bg3 Qe7 18. Bd3 Bb7 19. Qg4 Bc6 20. f4 Bh6 21. f5
Be3+ 22. Kh1 Qg5 23. Qe2 Bxd4 24. cxd4 d5 25. Qf2 Rf8 26. Bh4 Qh6 27. Qg3 Qd2
28. Bg5 Qc3 29. cxd5 Bxd5 30. Bf6 Qd2 31. Kg1 b5 32. h4 Rb6 33. fxg6 fxg6 34. h5
Rbxf6 35. exf6 Be4 36. hxg6 hxg6 37. f7+ Rxf7 38. Rxf7 Kxf7 39. Bxe4 Qc1+ 40.
Kh2 Qh6+ 41. Kg1 Qc1+ 42. Kf2 Qb2+ 43. Kf3 Qc3+ 44. Kg4 Qxd4 45. Qxc7+ Ke6 46.
Qc6+ Ke7 47. Qxg6 a5 48. Qg5+ Ke6 49. Qf5+ Ke7 50. Qd5 Qb2 51. Qc5+ 1-0

[Event "ch-RUS Rapid"]
[Site "Olginka RUS"]
[Date "2011.04.26"]
[Round "7"]
[White "Khairullin, Ildar"]
[Black "Najer, Evgeniy"]
[Result "1/2-1/2"]
[WhiteTitle "GM"]
[BlackTitle "GM"]
[WhiteElo "2634"]
[BlackElo "2638"]
[WhiteFideId "4151348"]
[BlackFideId "4118987"]
[EventDate "2011.04.25"]

1. c4 e5 2. Nc3 Nf6 3. Nf3 Nc6 4. g3 Bc5 5. Bg2 d6 6. O-O a6 7. e3 O-O 8. d4 Ba7
9. h3 Re8 10. d5 Ne7 11. e4 Ng6 12. Ne1 c6 13. Nd3 cxd5 14. cxd5 Bd7 15. Kh2 Rc8
16. Bd2 h6 17. Rc1 Rc7 18. Qb3 Qe7 19. Nd1 Rec8 20. Rxc7 Rxc7 21. Ba5 b6 22. Bb4
Bb5 23. Ne3 Qd7 24. Ra1 Bxd3 25. Qxd3 b5 26. Qa3 Ne8 27. Re1 Qc8 28. Ba5 Rc1 29.
Bd2 Rc7 30. Ba5 Rc1 31. Bd2 Rc7 32. Ba5 1/2-1/2

[Event "ch-RUS Rapid"]
[Site "Olginka RUS"]
[Date "2011.04.26"]
[Round "7"]
[White "Romanov, Evgeny"]
[Black "Riazantsev, Alexander"]
[Result "1-0"]
[WhiteTitle "GM"]
[BlackTitle "GM"]
[WhiteElo "2624"]
[BlackElo "2679"]
[WhiteFideId "4148843"]
[BlackFideId "4125029"]
[EventDate "2011.04.25"]

1. c4 e6 2. g3 d5 3. Bg2 Nf6 4. Nf3 Be7 5. O-O O-O 6. Qc2 c5 7. d4 cxd4 8. Nxd4
Nc6 9. Nxc6 bxc6 10. b3 a5 11. Nc3 Ba6 12. Rd1 Nd7 13. Na4 Nb6 14. Nxb6 Qxb6 15.
Be3 Bc5 16. Bxc5 Qxc5 17. Rac1 Qa3 18. Rd4 dxc4 19. bxc4 Rab8 20. Rd3 Qc5 21. a3
h6 22. Qd2 Rb6 23. h4 Qe5 24. Re3 Qc5 25. Qc3 a4 26. Re5 Qe7 27. Ra5 c5 28. Rxa4
Qc7 29. Ra5 Rc8 30. Rd1 Rcb8 31. Ra4 Rb3 32. Qd2 Qb6 33. Bf3 Rb2 34. Qd7 Rb1 35.
Rxb1 Qxb1+ 36. Kg2 Qb6 37. Qc6 Qxc6 38. Bxc6 Rb6 39. Be4 Kf8 40. Bd3 Ke7 41. Ra5
Kd6 42. f3 g5 43. hxg5 hxg5 44. g4 f6 45. Kf2 Rc6 46. Ke3 Rb6 47. Kd2 Kc6 48.
Be4+ Kd6 49. Kc3 Bc8 50. Rb5 Ra6 51. Kb3 f5 52. Bb7 Bxb7 53. Rxb7 fxg4 54. fxg4
Ke5 55. Rc7 Kf4 56. Rxc5 Kxg4 57. Rc8 Kf4 58. c5 e5 59. c6 Ke3 60. Kb4 g4 61. a4
Ra7 62. Rg8 Kxe2 63. Rxg4 Kf3 64. Rg8 Re7 65. Kc5 e4 66. Kd6 Ra7 67. c7 Ra6+ 68.
Kc5 1-0

[Event "ch-RUS Rapid"]
[Site "Olginka RUS"]
[Date "2011.04.26"]
[Round "7"]
[White "Tregubov, Pavel V."]
[Black "Inarkiev, Ernesto"]
[Result "0-1"]
[WhiteTitle "GM"]
[BlackTitle "GM"]
[WhiteElo "2598"]
[BlackElo "2674"]
[WhiteFideId "4115341"]
[BlackFideId "4162722"]
[EventDate "2011.04.25"]

1. d4 d5 2. c4 c6 3. Nf3 Nf6 4. e3 Bg4 5. h3 Bh5 6. Nc3 e6 7. g4 Bg6 8. Ne5 Nbd7
9. h4 dxc4 10. Nxg6 hxg6 11. Bxc4 Bb4 12. g5 Ne4 13. Qb3 Qe7 14. a3 Bxc3+ 15.
bxc3 Nb6 16. Bf1 e5 17. Bg2 Nd6 18. a4 Nbc4 19. a5 a6 20. Ra4 Qe6 21. dxe5 Nxe5
22. Qxe6+ fxe6 23. Bh3 Rd8 24. Bxe6 Nd3+ 25. Ke2 Nc5 26. Rg4 Nxe6 27. c4 Kf7 28.
Ba3 Nf5 29. Bb4 Rhe8 30. h5 Ned4+ 31. Kf1 Nc2 32. Bc5 Rxe3 33. Kg2 Ne1+ 34. Kf1
Re5 35. Bb6 Rd1 36. Rh3 gxh5 37. Rxh5 Kg6 38. Rh3 Nd3+ 39. Kg2 Ree1 40. Bc7 Rg1+
41. Kf3 Rxg4 0-1

[Event "ch-RUS Rapid"]
[Site "Olginka RUS"]
[Date "2011.04.26"]
[Round "7"]
[White "Sjugirov, Sanan"]
[Black "Lastin, Alexander"]
[Result "1/2-1/2"]
[WhiteTitle "GM"]
[BlackTitle "GM"]
[WhiteElo "2643"]
[BlackElo "2617"]
[WhiteFideId "4189302"]
[BlackFideId "4119240"]
[EventDate "2011.04.25"]

1. e4 c5 2. Nf3 d6 3. d4 cxd4 4. Qxd4 Bd7 5. Bc4 Nc6 6. Qd3 Nf6 7. Bg5 Rc8 8.
Bb3 e6 9. Nc3 a6 10. O-O-O Be7 11. h3 h6 12. Bh4 b5 13. Kb1 Qc7 14. Rhe1 g5 15.
Bg3 Ne5 16. Nxe5 dxe5 17. h4 b4 18. hxg5 hxg5 19. Na4 Bb5 20. Qe3 Rg8 21. c4 Bc6
22. f3 Nh5 23. Bf2 Nf4 24. Qd2 Kf8 25. g3 Ng6 26. Be3 Kg7 27. Bxg5 Bxg5 28. Qxg5
Rcd8 29. Nc5 a5 30. Bc2 a4 31. Rxd8 Rxd8 32. Rh1 Rd4 33. Qh6+ Kf6 34. Rh5 Qd6
35. Qg5+ Kg7 36. Qh6+ Kg8 37. Qh7+ Kf8 38. Qh6+ Ke8 39. Nxa4 Rd2 40. Rh2 Rd3 41.
Qg5 Rxf3 42. Rh1 Rd3 43. Kc1 Rd4 44. c5 Qc7 45. Rd1 Rxd1+ 46. Bxd1 Bxe4 47. Qd2
Ne7 48. Qxb4 Bc6 49. Nb6 e4 50. Qd4 Qxg3 51. Qh8+ Ng8 52. Nc4 Ke7 53. Qd4 Bd5
54. Nd6 Qf4+ 55. Kb1 Nf6 56. b4 Qf1 57. Kb2 e3 58. Qxe3 Qxd1 59. Nf5+ Kd7 60.
Nd4 Ne4 61. c6+ Kd6 62. Qf4+ e5 63. Qh6+ Be6 64. Qf8+ Kd5 65. Nc2 Kxc6 66. Qa8+
Kc7 67. Qxe4 f6 68. Qe3 Qd5 69. Qa7+ Kc8 70. Qa6+ Kb8 71. Qb6+ Kc8 72. Qa6+ Kb8
73. Qb6+ Kc8 74. Qa6+ Kb8 75. b5 e4 76. Qb6+ Kc8 77. Qa6+ Kb8 78. Qb6+ Kc8 79.
Nb4 Qc4 80. Qa6+ Kd7 81. Qb7+ Kd6 82. Qb8+ Kd7 83. Qb7+ Kd6 84. Qb8+ Kd7 85. Ka3
Qc3+ 86. Ka4 e3 87. Qa7+ Ke8 88. Qa8+ Kf7 89. Qb7+ Kg6 90. Qg2+ Kf7 91. Qb7+ Kg6
92. Qe4+ Kf7 93. Qh7+ Kf8 94. Qh8+ Kf7 95. Qh7+ Kf8 96. b6 e2 97. Qh8+ Ke7 98.
Qh7+ Kd6 99. Qh2+ Qe5 100. Qxe5+ fxe5 101. Nd3 Bxa2 102. Kb4 Bd5 103. Kc3 e4
104. Ne1 Kc6 105. Kd4 Kxb6 1/2-1/2

[Event "ch-RUS Rapid"]
[Site "Olginka RUS"]
[Date "2011.04.26"]
[Round "7"]
[White "Alekseev, Evgeny"]
[Black "Bocharov, Dmitry"]
[Result "0-1"]
[WhiteTitle "GM"]
[BlackTitle "GM"]
[WhiteElo "2688"]
[BlackElo "2595"]
[WhiteFideId "4138147"]
[BlackFideId "4138716"]
[EventDate "2011.04.25"]

1. e4 c5 2. Nf3 e6 3. c3 Nf6 4. e5 Nd5 5. d4 cxd4 6. cxd4 d6 7. Bc4 Nb6 8. Bb3
dxe5 9. Nxe5 Nc6 10. Nxc6 bxc6 11. O-O Be7 12. Nc3 O-O 13. Bf4 Bb7 14. Be5 c5
15. Qg4 g6 16. dxc5 Nd7 17. Bf4 Nxc5 18. Bh6 Re8 19. Bc2 Bf6 20. Be3 Qe7 21.
Rfd1 Rac8 22. Rab1 a5 23. Rd2 Red8 24. Rbd1 Rxd2 25. Rxd2 Nd7 26. Qf4 Ne5 27.
Bb3 Rd8 28. Ne4 Bg7 29. Bc5 Qc7 30. Rxd8+ Qxd8 31. Nd6 Bd5 32. Bxd5 exd5 33. Qd2
d4 34. Kf1 Nc6 35. Qf4 Qd7 36. Qe4 Be5 37. Nc4 Bc7 38. Ke2 Kg7 39. Kd2 a4 40. h3
f5 41. Qf3 Qe6 42. b3 axb3 43. axb3 Kf6 44. Kd1 Qe4 45. Nd2 Qe6 46. b4 Kg5 47.
b5 Ne5 48. Qb3 Qd7 49. b6 Bb8 50. b7 d3 51. Be3+ Kh5 52. Bf4 Qc6 53. Nf3 Nxf3
54. Bxb8 Qe4 55. g4+ Kh4 56. Bg3+ Kxh3 57. Kc1 d2+ 58. Kb2 Qe2 59. b8=Q d1=Q+
60. Ka3 Qa6+ 61. Kb2 Qe6 62. Qxd1 0-1

[Event "ch-RUS Rapid"]
[Site "Olginka RUS"]
[Date "2011.04.26"]
[Round "7"]
[White "Popov, Valerij"]
[Black "Khismatullin, Denis"]
[Result "0-1"]
[WhiteTitle "GM"]
[BlackTitle "GM"]
[WhiteElo "2565"]
[BlackElo "2662"]
[WhiteFideId "4119410"]
[BlackFideId "4142578"]
[EventDate "2011.04.25"]

1. c4 Nf6 2. g3 e5 3. Bg2 Nc6 4. Nc3 Bc5 5. Nf3 d6 6. d3 h6 7. a3 a6 8. b4 Ba7
9. O-O O-O 10. Bb2 Be6 11. Rc1 Qd7 12. Nd2 Bh3 13. e3 Bxg2 14. Kxg2 d5 15. cxd5
Nxd5 16. Nf3 Bxe3 17. Nxd5 Bxc1 18. Nf6+ gxf6 19. Bxc1 h5 20. h3 Qf5 21. Nh4 Qh7
22. f4 Rad8 23. Rf3 e4 24. Re3 Rxd3 25. Qe1 Rxe3 26. Qxe3 Rd8 27. f5 Re8 28. Bb2
Qg7 29. Bc1 Qg5 30. Qc5 e3 31. Nf3 Qh6 32. Qc3 Qf8 33. Qxf6 Qg7 34. Qh4 e2 35.
Bd2 Nd4 36. Nxd4 e1=Q 37. Bxe1 Rxe1 38. Qd8+ Kh7 39. Qh4 Qh6 40. Nf3 Re2+ 41.
Kf1 Re8 42. Qc4 Kg8 43. h4 Qe3 44. Qd5 Qe4 45. Qd1 Qxf5 46. Kg2 f6 47. Qd2 Kg7
48. Kf2 Re7 49. Kg2 b6 50. Kf2 c5 51. Qd6 Qe6 52. Qd2 c4 53. Nd4 Qe4 54. Nf3 Qd3 0-1

[Event "ch-RUS Rapid"]
[Site "Olginka RUS"]
[Date "2011.04.26"]
[Round "7"]
[White "Vorobiov, Evgeny E."]
[Black "Popov, Ivan RUS"]
[Result "0-1"]
[WhiteTitle "GM"]
[BlackTitle "GM"]
[WhiteElo "2558"]
[BlackElo "2613"]
[WhiteFideId "4121341"]
[BlackFideId "4170350"]
[EventDate "2011.04.25"]

1. d4 d5 2. c4 c6 3. Nf3 Nf6 4. e3 Bg4 5. Qb3 Qb6 6. Nc3 Bxf3 7. gxf3 e6 8. e4
Nbd7 9. Be3 Qxb3 10. axb3 Bb4 11. Bd3 e5 12. cxd5 cxd5 13. Ke2 dxe4 14. Nxe4 Nd5
15. Bb5 f5 16. Ng5 f4 17. dxe5 fxe3 18. e6 Ke7 19. Bxd7 exf2 20. Rad1 Nf4+ 21.
Kxf2 h6 22. Nf7 Rhf8 23. Ne5 Bc5+ 24. Kg3 Bd6 25. Rxd6 Kxd6 26. Nf7+ Rxf7 27.
Rd1+ Ke7 28. exf7 Nh5+ 29. Kh4 Nf6 30. Be8 Nxe8 31. fxe8=Q+ Rxe8 32. Kg4 Rc8 33.
Re1+ Kf6 34. Re2 Rd8 35. Re4 Rd2 36. Rf4+ Kg6 37. Rb4 b6 38. Ra4 Rxh2 39. Rxa7
Rxb2 40. Ra3 h5+ 41. Kh4 Kh6 42. f4 g6 43. Kg3 Kg7 44. Kh4 Kf6 45. Kg3 Kf5 46.
Kf3 h4 0-1